Statistiche per Comuni del Piemonte - Quiz n°1

Clicka qui per fare il quiz!

Statistiche generali

  • Questo quiz è stato fatto 21 volte
    (17 dall'ultimo reset)
  • Il punteggio medio è 78 su 304

Statistiche sulle risposte

ProvinciaComune% Corretto
Alessandria
75%
Novi Ligure
75%
Ovada
75%
Tortona
75%
Asti
63%
Gabiano
63%
Pecetto di Valenza
63%
Bassignana
50%
Camino
50%
Casale Monferrato
50%
Castellazzo Bormida
50%
Castelnuovo Scrivia
50%
Ozzano Monferrato
50%
AlessandriaPietra Marazzi
50%
Quargnento
50%
Sale
50%
San Salvatore Monferrato
50%
Serravalle Scrivia
50%
Valenza
50%
Vignale Monferrato
50%
Villanova Monferrato
50%
AlessandriaAcqui Terme
38%
Alice Bel Colle
38%
Alluvioni Piovera
38%
Altavilla Monferrato
38%
Arquata Scrivia
38%
Belforte Monferrato
38%
Bistagno
38%
Borgo San Martino
38%
Bosco Marengo
38%
Bosio
38%
Calosso
38%
Camagna Monferrato
38%
Canelli
38%
Capriata d'Orba
38%
Carbonara Scrivia
38%
Carpeneto
38%
Carrega Ligure
38%
Castell'Alfero
38%
Castelletto d'Orba
38%
Castelletto Monferrato
38%
Castelnuovo Bormida
38%
Castelnuovo Don Bosco
38%
Cella Monte
38%
Cereseto
38%
Cerrina
38%
Coniolo
38%
Conzano
38%
Cortazzone
38%
Fabbrica Curone
38%
Felizzano
38%
Frassineto Po
38%
Frugarolo
38%
Fubine Monferrato
38%
Gavi
38%
Giarole
38%
Isola Sant'Antonio
38%
Lu e Cuccaro Monferrato
38%
Mirabello Monferrato
38%
Molare
38%
Molino dei Torti
38%
Mombaruzzo
38%
Mombello Monferrato
38%
Mombercelli
38%
Moncalvo
38%
Moncestino
38%
Montaldeo
38%
Montecastello
38%
Morano sul Po
38%
Occimiano
38%
Odalengo Grande
38%
Odalengo Piccolo
38%
Piea
38%
Pontecurone
38%
Pontestura
38%
Pozzolo Formigaro
38%
Prasco
38%
Quattordio
38%
Rivarone
38%
Roccaverano
38%
San Damiano d'Asti
38%
Serralunga di Crea
38%
Sezzadio
38%
Silvano d'Orba
38%
Solero
38%
Solonghello
38%
Spigno Monferrato
38%
Treville
38%
Valmacca
38%
Villafranca d'Asti
38%
Villamiroglio
38%
Villanova d'Asti
38%
AstiAgliano Terme
25%
Albera Ligure
25%
Alfiano Natta
25%
Aramengo
25%
Avolasca
25%
Baldichieri d'Asti
25%
Balzola
25%
Basaluzzo
25%
Bergamasco
25%
Berzano di San Pietro
25%
Berzano di Tortona
25%
Borghetto di Borbera
25%
Borgoratto Alessandrino
25%
Bozzole
25%
Buttigliera d'Asti
25%
Cabella Ligure
25%
Calamandrana
25%
Calliano Monferrato
25%
Cantalupo Ligure
25%
Carentino
25%
Carrosio
25%
Cartosio
25%
Casal Cermelli
25%
Casaleggio Boiro
25%
Casalnoceto
25%
Casasco
25%
Casorzo Monferrato
25%
Cassine
25%
Castagnole delle Lanze
25%
Castellania Coppi
25%
Castellar Guidobono
25%
Castelletto d'Erro
25%
Castelletto Merli
25%
Castelspina
25%
Cellarengo
25%
Cerreto d'Asti
25%
Cerreto Grue
25%
Cocconato
25%
Cortandone
25%
Cortanze
25%
Costa Vescovato
25%
Costigliole d'Asti
25%
Cremolino
25%
Denice
25%
Dernice
25%
Francavilla Bisio
25%
Frascaro
25%
Frassinello Monferrato
25%
Frinco
25%
Gamalero
25%
Garbagna
25%
Grana
25%
Grazzano Badoglio
25%
Gremiasco
25%
Grognardo
25%
Grondona
25%
Lerma
25%
Malvicino
25%
Masio
25%
Melazzo
25%
Momperone
25%
Moncucco Torinese
25%
Mongiardino Ligure
25%
Montabone
25%
Montafia
25%
Montaldo Bormida
25%
Montegioco
25%
Montegrosso d'Asti
25%
Montemarzino
25%
Montiglio Monferrato
25%
Moransengo-Tonengo
25%
Mornese
25%
Morsasco
25%
Murisengo
25%
Nizza Monferrato
25%
Olivola
25%
Orsara Bormida
25%
Ottiglio
25%
Pareto
25%
Parodi Ligure
25%
Piovà Massaia
25%
Pomaro Monferrato
25%
Ponzano Monferrato
25%
Ponzone
25%
Portacomaro
25%
Predosa
25%
Refrancore
25%
Ricaldone
25%
Rivalta Bormida
25%
Robella
25%
Roccaforte Ligure
25%
Rocca Grimalda
25%
Rocchetta Ligure
25%
Sala Monferrato
25%
San Cristoforo
25%
San Giorgio Monferrato
25%
San Sebastiano Curone
25%
Sant'Agata Fossili
25%
Sardigliano
25%
Sarezzano
25%
Spineto Scrivia
25%
Stazzano
25%
Strevi
25%
Tagliolo Monferrato
25%
Tassarolo
25%
Terruggia
25%
Terzo
25%
Ticineto
25%
Tonco
25%
Viarigi
25%
Vignole Borbera
25%
Viguzzolo
25%
Villadeati
25%
Villalvernia
25%
Villa San Secondo
25%
Visone
25%
Volpedo
25%
Voltaggio
25%
Albugnano
13%
Alzano Scrivia
13%
AstiAntignano
13%
Brignano Frascata
13%
Bruno
13%
Bubbio
13%
Camerano Casasco
13%
Cantarana
13%
Capriglio
13%
Carezzano
13%
Cassano Spinola
13%
Cassinasco
13%
Cassinelle
13%
Castagnole Monferrato
13%
Castel Boglione
13%
Castellero
13%
Castelletto Molina
13%
Castello di Annone
13%
Castelnuovo Calcea
13%
Castel Rocchero
13%
Celle Enomondo
13%
Chiusano d'Asti
13%
Cinaglio
13%
Cisterna d'Asti
13%
Coazzolo
13%
Corsione
13%
Cortiglione
13%
Cossombrato
13%
Cunico
13%
Dusino San Michele
13%
Fontanile
13%
Fraconalto
13%
Fresonara
13%
Guazzora
13%
Incisa Scapaccino
13%
Isola d'Asti
13%
Maranzana
13%
Merana
13%
Mombaldone
13%
AstiMonale
13%
Monastero Bormida
13%
Mongardino
13%
Monleale
13%
Montacuto
13%
Montaldo Scarampi
13%
Montechiaro d'Acqui
13%
Montechiaro d'Asti
13%
Montemagno
13%
Morbello
13%
Olmo Gentile
13%
Oviglio
13%
Paderna
13%
Passerano Marmorito
13%
Penango
13%
Pino d'Asti
13%
Ponti
13%
Pozzol Groppo
13%
Quaranti
13%
Revigliasco d'Asti
13%
Rocca d'Arazzo
13%
Rocchetta Palafea
13%
Rocchetta Tanaro
13%
Rosignano Monferrato
13%
San Giorgio Scarampi
13%
San Martino Alfieri
13%
Scurzolengo
13%
Serole
13%
Soglio
13%
Tigliole
13%
Trisobbio
13%
Vaglio Serra
13%
Valfenera
13%
Vesime
13%
Viale
13%
Vigliano d'Asti
13%
Villaromagnano
13%
Vinchio
13%
Volpeglino
13%
Azzano d'Asti
0%
Belveglio
0%
Castelnuovo Belbo
0%
Cavatore
0%
Cerro Tanaro
0%
Cessole
0%
Ferrere
0%
Loazzolo
0%
Maretto
0%
Moasca
0%
Pasturana
0%
Roatto
0%
San Marzano Oliveto
0%
San Paolo Solbrito
0%
Sessame
0%
Settime
0%

Distribuzione punteggi

Percentile per numero di risposta

Percentuale di utenti per punteggio

I tuoi punteggi nel tempo

Non hai fatto questo quiz dall'ultimo reset